Natural Produsts Isolation. Separation Methods for Antimicrobials,Antivirals and Enzyme Inhibitors. Volume 43 /

Salvato in:
Dettagli Bibliografici
Autori principali: Wagman, Geralg H (Autore), Cooper, Raymond (Autore)
Natura: Libro
Pubblicazione: Amsterdam : Elsevier, 1989
Tags: Aggiungi Tag
Nessun Tag, puoi essere il primo ad aggiungerne!!

MARC

LEADER 00000nam a22000003a 4500
001 stu14717
005 20150617225800.7
008 ------s1989----ne----------------------d
040 |a STU  |b slo 
041 0
044 |a ne 
080 |a 543.544 
100 1 |a Wagman, Geralg H  |4 aut 
245 1 |a Natural Produsts Isolation. Separation Methods for Antimicrobials,Antivirals and Enzyme Inhibitors. Volume 43 /  |c [aut.]Wagman,Geralg H., Cooper,Raymond 
260 |a Amsterdam :  |b Elsevier,  |c 1989 
300 |a 619 s :  |b Tab.,grafy,lit.,index 
700 1 |a Cooper, Raymond  |4 aut 
996 |b C84085  |c C*84085  |l CCXV  |s P  |a 0  |w stu14717_0001